| 000 | 01383nam a22001577a 4500 | ||
|---|---|---|---|
| 041 | _aukr | ||
| 080 | _a09 | ||
| 090 | _bНЕТ | ||
| 100 | _aНетепчук О. В. | ||
| 245 | _aОсобливості спілкування на робочому місці. | ||
| 260 |
_aОстрог _bКАФ _c2004 |
||
| 300 | _a37 | ||
| 520 |
_aРозділ 1. Комунікація засіб обміну інформацією.
1.1. Діалог основа спілкування роботодавця з робітником.
1.2. Моделі організаційної поведінки.
1.3. Сфера комунікації.
1.4. Вплив стереотипів на спілкування між співробітниками.
Розділ 2. Щляхи вдосконалення спілкування роботодавця з працівником.
2.1. Основні складові системи розвитку комунікацій між співробітниками.
2.2. Аналіз процесу спілкування робітників з керівником у фірмі "Електролюкс".
Розділ 3. Робота в команді.
3.1. Ролі в команді.
3.2. Типи звязку в команді. _0Комунікація, інформація, спілкування |
||
| 650 | _aResearch Papers | ||
| 999 |
_c282592 _d282592 |
||
| 942 | _cBK | ||